[Event "JOGO DE FÉRIAS..."]
[Site "http://www.queenalice.com/game.php?id=152618"]
[Date "2007.1.11"]
[Round "-"]
[White "antonio"]
[Black "paulouk"]
[Result "0-1"]
[WhiteElo "1391"]
[BlackElo "1580"]

1. Nc3 c5 2. Nd5 e6 3. Nf4 Bd6 4. Nh5 Be5 5. e4 g6 6. d4 cxd4 7. Bh6 Nxh6 8. Ng3
O-O 9. Qd3 Qb6 10. b3 a5 11. a4 Na6 12. Nf3 Nb4 13. Qc4 f6 14. Bd3 d5 15. Qb5
Qd6 16. exd5 exd5 17. c4 Nxd3+ 18. Kf1 Nb4 19. Ne2 d3 20. Nc3 Bxc3 21. c5 Qe6
22. Rc1 d4 23. h4 d2 24. Rd1 Qxb3 25. Qe2 Bg4 26. Kg1 Rfe8 27. Qf1 Re7 28. Rxd2
Bxd2 29. Nxd2 Qxa4 30. Qc4+ Be6 31. Qe2 Rae8 32. g3 Bd5 33. Qxe7 Rxe7 34. f3
Qd1+ 35. Nf1 Bxf3 36. Rh2 Ng4 37. Rd2 Qb3 38. Rxd4 Re1 39. Rd8+ Kg7 40. Rd7+ Kh6
41. Rxb7 Qb1 42. Rd7 Rxf1# 0-1

[Event "JOGO DE FÉRIAS..."]
[Site "http://www.queenalice.com/game.php?id=152619"]
[Date "2007.1.11"]
[Round "-"]
[White "antonio"]
[Black "paulouk"]
[Result "0-1"]
[WhiteElo "1372"]
[BlackElo "1520"]

1. Nh3 d5 2. Na3 e5 3. d4 Nc6 4. e4 exd4 5. Bb5 dxe4 6. Nc4 a6 7. Bxc6+ bxc6 8.
Bg5 f6 9. Bh4 Bb4+ 10. Kf1 Be6 11. Ne5 c5 12. Nc6 Qb8 13. Nxb8 Rxb8 14. a3 Ba5
15. Nf4 Rb6 16. Qh5+ Bf7 17. Qg4 g5 18. Nd5 Bxd5 19. Qc8+ Kf7 20. Qxc7+ Kg6 21.
Qxc5 Rb5 22. Qxd4 gxh4 23. b4 Bb6 24. Qc3 Ne7 25. g4 e3 26. Qd3+ Kf7 27. fxe3
Bxh1 28. Ke2 Bg2 29. Rg1 h3 30. Qb3+ Nd5 31. c4 Bxe3 32. Rd1 Re8 33. cxd5 Bf4+
34. Kd3 Re3+ 35. Kc2 Rxb3 36. Kxb3 Bxh2 37. Rc1 Rxd5 38. Rc8 Be5 39. Rh8 Rd3+
40. Ka4 Kg6 41. Rg8+ Kh6 42. Ka5 Rxa3+ 43. Kb6 h2 44. b5 a5 45. Kc5 h1=Q 46. b6
Bh3 47. g5+ fxg5 48. Rc8 Rc3+ 49. Kb5 Bxc8 50. Kxa5 Qd5+ 51. Kb4 Qc5+ 52. Ka4
Ra3# 0-1

[Event "administrar o jogo"]
[Site "http://www.queenalice.com/game.php?id=176103"]
[Date "2007.3.2"]
[Round "-"]
[White "antonio"]
[Black "paulouk"]
[Result "1-0"]
[WhiteElo "1358"]
[BlackElo "1573"]

1. d4 d5 2. e3 Nf6 3. Bb5+ c6 4. Ba4 e6 5. f4 Ne4 6. Nf3 Qa5+ 7. c3 b5 8. b4 Qd8
9. Bb3 Be7 10. Ne5 a5 11. Qh5 O-O 12. Bc2 Nf6 13. Qh3 Ne4 14. Nd2 f5 15. O-O
Nxc3 16. Rf2 axb4 17. Bb2 Nxa2 18. Bb1 b3 19. Nxb3 Ba3 20. Bc3 Nxc3 21. Nd2 Ba6
22. Rxa3 b4 23. Ra5 Qxa5 24. Rf3 Qa1 25. g4 Ne2+ 26. Kf2 Qb2 27. Kg2 Qxd2 28.
Rf2 Qe1 29. Nf3 Qxb1 30. Ng5 Qg1+ 31. Kf3 fxg4+ 32. Qxg4 Qh1+ 33. Rg2 Qf1+ 34.
Rf2 Ng1+ 35. Kg3 Ne2+ 36. Kf3 Bc8 37. Rxf1 e5 38. Qh5 g6 39. Qxh7# 1-0

[Event "Challenge"]
[Site "http://www.queenalice.com/game.php?id=176108"]
[Date "2007.3.2"]
[Round "-"]
[White "Macuei"]
[Black "antonio"]
[Result "1-0"]
[WhiteElo "1663"]
[BlackElo "1383"]

1. e4 e5 2. Nf3 d6 3. d4 Bg4 4. dxe5 Bxf3 5. gxf3 dxe5 6. Qxd8+ Kxd8 7. Bd2 Nc6
8. Bc3 f6 9. Nd2 Bb4 10. Bc4 Nge7 11. Rd1 Ke8 12. Bb5 g6 13. Bxb4 Nc8 14. Nc4
Kf7 15. Rd7+ Ke6 16. Bxc6 bxc6 17. Rxc7 Nb6 18. Rxc6+ Kd7 19. Rd6+ Kc7 20. Ba5
Kb7 21. Nxb6 axb6 22. Rxb6+ Kc8 23. b4 h5 24. Rxf6 Kb7 25. Rxg6 Rac8 26. Rg7+
Kc6 27. Rhg1 Kb5 28. Rb7+ Ka4 29. Rc7 Ra8 30. Rgg7 Ka3 31. Ra7 Rac8 32. Rgc7
Rcf8 33. Ke2 Rf4 34. Re7 Rhf8 35. Bc7+ Kxb4 36. Bd6+ Kc3 37. Bxe5+ Kxc2 38. Bxf4
Rxf4 39. a4 Kc3 40. Rab7 Rf8 41. a5 Rd8 42. Rec7+ Kd4 43. Rd7+ Rxd7 44. Rxd7+
Ke5 45. a6 Ke6 46. Rh7 Kd6 47. a7 h4 48. a8=Q Ke5 49. Qd5+ Kf6 50. Qf5# 1-0

[Event "revolta de um rei"]
[Site "http://www.queenalice.com/game.php?id=177873"]
[Date "2007.3.6"]
[Round "-"]
[White "antonio"]
[Black "mikaio"]
[Result "0-1"]
[WhiteElo "1360"]
[BlackElo "2049"]

1. d4 Nf6 2. Qd3 e6 3. Bg5 Be7 4. Bxf6 Bxf6 5. Nc3 Nc6 6. e3 O-O 7. O-O-O a5 8.
Nb5 d5 9. c3 b6 10. g4 Ba6 11. g5 Bxg5 12. Nh3 Na7 13. Nxg5 Qxg5 14. Nxc7 Bxd3
15. Rxd3 Rac8 16. Na6 Nc6 17. Be2 Nb4 18. Nxb4 axb4 19. Kc2 Qg2 20. Rf1 bxc3 21.
b3 b5 22. Rdd1 b4 23. h4 Ra8 24. Rg1 Qxf2 25. Rde1 Rxa2+ 26. Kd3 Rd2# 0-1

[Event "Challenge"]
[Site "http://www.queenalice.com/game.php?id=194696"]
[Date "2007.4.10"]
[Round "-"]
[White "Aleqza"]
[Black "antonio"]
[Result "1-0"]
[WhiteElo "1483"]
[BlackElo "1371"]

1. e4 e5 2. h4 d6 3. Bc4 Qe7 4. Qf3 Nh6 5. d3 Nc6 6. Bxh6 gxh6 7. Nc3 Be6 8.
O-O-O Nd4 9. Qh5 O-O-O 10. Nce2 Rg8 11. Nxd4 exd4 12. Ne2 c5 13. Nf4 Qe8 14.
Bxe6+ fxe6 15. Qxe8 Rxe8 16. Nh5 Rg6 17. Nf4 Rg4 18. g3 Bg7 19. Rhf1 Be5 20. f3
Rxg3 21. Ne2 Rg2 22. Ng1 Bf4+ 23. Kb1 a5 24. Nh3 Be3 25. f4 a4 26. a3 b5 27. Rg1
Rd2 28. Rxd2 Bxd2 29. Rg7 b4 30. Rxh7 bxa3 31. bxa3 e5 32. Rxh6 Re7 33. Rh8+ Kc7
34. f5 Kc6 35. f6 Rb7+ 36. Ka2 Bc3 37. Ng5 Rb2+ 38. Ka1 Rxc2+ 39. Kb1 Rb2+ 40.
Kc1 Rg2 41. f7 Bd2+ 42. Kd1 Bf4 43. f8=Q Rd2+ 44. Kc1 Rxd3+ 45. Kb1 Rb3+ 46. Ka2
d3 47. Qa8+ Kb5 48. Rb8+ Kc4 49. Qxa4+ Kc3 50. Qxb3+ Kd2 51. Rd8 Ke2 52. Rxd6 d2
53. Qd3+ Kf2 54. Nh3+ Ke1 55. Nxf4 d1=Q 56. Qxd1+ Kf2 57. Rd3 exf4 58. Qc2+ Ke1
59. Rd1# 1-0

[Event "Challenge"]
[Site "http://www.queenalice.com/game.php?id=202761"]
[Date "2007.4.26"]
[Round "-"]
[White "antonio"]
[Black "paulouk"]
[Result "1-0"]
[WhiteElo "1359"]
[BlackElo "1518"]

1. e4 d6 2. f3 e5 3. c3 Nf6 4. g4 a6 5. h3 g5 6. Bc4 b5 7. Bb3 h5 8. gxh5 Nxh5
9. Ne2 Nf4 10. Nxf4 exf4 11. d4 Rxh3 12. Rg1 Qe7 13. Qe2 c5 14. Qg2 Bh6 15. dxc5
dxc5 16. c4 b4 17. Ba4+ Bd7 18. Qxh3 Bg7 19. Qh7 Bf6 20. b3 Kd8 21. Rh1 Bxa1 22.
Qg8+ Kc7 23. Rh7 Be6 24. Rh5 f6 25. Qg6 Nc6 26. Rh7 Bf7 27. Rxf7 Qxf7 28. Qxf7+
Kb6 29. Qd7 Bc3+ 30. Nxc3 bxc3 31. Qxc6+ Ka5 32. Qxa8 Kb4 33. Qb8+ Ka5 34. Qc7+
1-0

[Event "Challenge"]
[Site "http://www.queenalice.com/game.php?id=207512"]
[Date "2007.5.7"]
[Round "-"]
[White "antonio"]
[Black "vania"]
[Result "1-0"]
[WhiteElo "1367"]
[BlackElo "1344"]

1. e4 e5 2. f4 h5 3. c3 exf4 4. d4 a5 5. Nd2 g5 6. a4 g4 7. b3 h4 8. Nc4 Nf6 9.
Bd3 Qe7 10. Ne2 Nxe4 11. O-O f5 12. Rxf4 c5 13. d5 Nf6 14. Rxf5 d6 15. Bg5 Bxf5
16. Bxf5 Rh5 17. Bxf6 Qxf6 18. Bxg4 Rg5 19. Nf4 Rxg4 20. Qxg4 Qxc3 21. Qe6+ Be7
22. Qc8+ Bd8 23. Nxd6+ Ke7 24. Qe6+ Kf8 25. Ng6+ Kg7 26. Qf7+ Kh6 27. Rf1 Qe3+
28. Rf2 h3 29. Nf5+ Kg5 30. Nxe3 Ra6 31. Rf5+ Kh6 32. Ng4# 1-0

[Event "Challenge"]
[Site "http://www.queenalice.com/game.php?id=211338"]
[Date "2007.5.15"]
[Round "-"]
[White "antonio"]
[Black "medline"]
[Result "0-1"]
[WhiteElo "1426"]
[BlackElo "1191"]

1. g4 c6 2. d4 Nf6 3. Nc3 Nxg4 4. Ne4 h6 5. e3 h5 6. Ng5 e6 7. e4 Qf6 8. f3 Nh6
9. f4 b6 10. Bc4 c5 11. Qxh5 Qxd4 12. Bd3 g6 13. Qf3 Qb4+ 14. c3 Qa5 15. e5 Nc6
16. Be4 Bb7 17. f5 Be7 18. fxg6 fxg6 19. Bxg6+ Kd8 20. Nf7+ Kc8 21. Nxh8 Kc7 22.
Bxh6 Rxh8 23. Qf4 Qb5 24. Bf5 Qxb2 25. Rc1 Na5 26. Ne2 Qxa2 27. Bxe6 dxe6 28.
Bg7 Rh7 29. Bf6 Bf8 30. Rg1 b5 31. Kf2 Nb3 32. Rcd1 c4 33. Rd8 Bc5+ 34. Rd4 b4
0-1

[Event "Challenge"]
[Site "http://www.queenalice.com/game.php?id=215574"]
[Date "2007.5.24"]
[Round "-"]
[White "antonio"]
[Black "Jorge"]
[Result "0-1"]
[WhiteElo "1396"]
[BlackElo "1459"]

1. Nf3 Nc6 2. d4 d5 3. Bg5 h6 4. Bh4 Nf6 5. Bxf6 exf6 6. e3 Bb4+ 7. c3 Bd6 8.
Bb5 O-O 9. Bxc6 bxc6 10. Nh4 f5 11. Nd2 Qxh4 12. Qe2 Rb8 13. b3 Re8 14. g3 Qf6
15. g4 fxg4 16. Rg1 Bxh2 17. Rg2 Bd6 18. O-O-O Ba3+ 19. Kb1 Bf5+ 20. Ka1 c5 21.
Rh1 cxd4 22. cxd4 Bb4 23. Nb1 a5 24. Rhg1 Bd6 25. Nc3 c6 26. f3 g3 27. Qa6 Rxe3
28. Na4 Bb4 29. Rc1 Qxd4+ 30. Nb2 Rxf3 31. Rd1 Qf6 32. Rc1 Ba3 33. Qa7 Rb5 34.
Qa8+ Kh7 35. Rxc6 Bd6 36. Qa6 Rf1+ 37. Rc1 Rxc1# 0-1

[Event "Challenge"]
[Site "http://www.queenalice.com/game.php?id=215575"]
[Date "2007.5.24"]
[Round "-"]
[White "antonio"]
[Black "Jorge"]
[Result "0-1"]
[WhiteElo "1381"]
[BlackElo "1432"]

1. e4 e5 2. Nc3 c6 3. Qh5 Bd6 4. Bc4 g6 5. Qf3 Nf6 6. d3 O-O 7. Bg5 Kg7 8. Qh3
h5 9. Nf3 b5 10. Bb3 a5 11. g4 Bc5 12. Nxe5 d6 13. gxh5 Bxh3 14. Rg1 Qb6 15. Be3
Nxh5 16. Bxf7 Rxf7 17. Rxg6+ Kf8 18. Bh6+ Ng7 19. Kd2 Rxf2+ 20. Ne2 Be3+ 21. Kc3
Qc5+ 22. Nc4 Qb4# 0-1

[Event "A nega......"]
[Site "http://www.queenalice.com/game.php?id=220907"]
[Date "2007.6.5"]
[Round "-"]
[White "antonio"]
[Black "paulouk"]
[Result "1-0"]
[WhiteElo "1434"]
[BlackElo "1492"]

1. e4 e5 2. Bc4 h6 3. d3 c6 4. Nf3 b5 5. Bb3 d6 6. Ng1 Nf6 7. Ne2 d5 8. Ng3 Bb4+
9. c3 Ba5 10. O-O O-O 11. exd5 cxd5 12. Re1 Nc6 13. Re3 d4 14. cxd4 exd4 15. Rf3
Bg4 16. Na3 a6 17. Ne4 Bxf3 18. Qxf3 Re8 19. Qg3 Nh5 20. Qf3 Nf6 21. Bxh6 Ne5
22. Nxf6+ gxf6 23. Qg3+ Ng6 24. h4 Kh7 25. Bxf7 Rg8 26. h5 Kxh6 27. Bxg6 Bc7 28.
Qh4 Qd6 29. g3 Qe5 30. Nc2 Bb6 31. Re1 Qg5 32. f4 Qxh4 33. gxh4 f5 34. Re6 Bc7
35. Kf2 Bxf4 36. Bxf5+ Kxh5 37. Re7 Bg3+ 38. Kf3 Kxh4 39. Nxd4 Rg5 40. Re4+ Kh5
41. Bg4+ Rxg4 42. Rxg4 Be5 43. Ne6 Bxb2 44. Rg2 Ba3 45. Nc7 Ra7 46. Nd5 Rf7+ 47.
Ke4 Kh4 48. Rh2+ Kg3 49. Rh8 b4 50. d4 Bb2 51. Rg8+ Kf2 52. Rb8 a5 53. Nb6 Ke2
54. Nc4 Re7+ 55. Kd5 a4 56. Nxb2 a3 57. Na4 Ra7 58. Re8+ Kd3 59. Nc5+ Kc2 60.
Rc8 Kb2 61. Nd3+ Kxa2 62. Nxb4+ Kb3 63. Rb8 Ra5+ 64. Ke4 Kc3 65. Na2+ Kd2 66. d5
Ra4+ 67. Ke5 Ke3 68. d6 Re4+ 69. Kd5 Kf3 70. Nc3 Re3 71. Nb5 a2 72. Ra8 Rb3 73.
Nd4+ Ke3 74. Nxb3 a1=B 75. d7 Bf6 76. Rf8 Be7 77. Re8 Kf4 78. Rxe7 Kf3 79. d8=Q
Kf4 80. Qf8+ Kg5 81. Rg7+ Kh4 82. Qh8# 1-0

[Event "Challenge"]
[Site "http://www.queenalice.com/game.php?id=226872"]
[Date "2007.6.18"]
[Round "-"]
[White "antonio"]
[Black "KrikorMendes"]
[Result "1-0"]
[WhiteElo "1388"]
[BlackElo "1283"]

1. Nf3 e6 2. d4 b6 3. Ne5 d6 4. Nf3 e5 5. dxe5 dxe5 6. Nxe5 f6 7. Nf3 Nc6 8. e3
Nh6 9. Bb5 Bd7 10. Qd5 a6 11. Bxc6 Bb4+ 12. c3 Bd6 13. Qe4+ Be5 14. Nxe5 fxe5
15. Qxe5+ Qe7 16. Bxd7+ Kxd7 17. Qd5+ Qd6 18. Qxd6+ Kxd6 19. O-O Rae8 20. Rd1+
Ke7 21. b4 b5 22. Nd2 Nf5 23. Nf3 Rd8 24. Bb2 Rxd1+ 25. Rxd1 Rd8 26. Rxd8 Kxd8
27. Ne5 Nd6 28. Nc6+ Kd7 29. Nb8+ Ke7 30. Nc6+ Kd7 31. Ne5+ Ke6 32. Nc6 Nc4 33.
Bc1 Nb6 34. e4 Kd6 35. Nb8 c6 36. Bf4+ Ke7 37. Nxc6+ Kd7 38. Nb8+ Ke7 39. e5 Na4
40. Nc6+ Kd7 41. Nb8+ Ke6 42. Nxa6 Kf5 43. g3 Nxc3 44. a3 Ne2+ 45. Kg2 g5 46.
Bd2 h6 47. Kf1 Nd4 48. Nc7 Nf3 49. Ke2 Nxe5 50. f3 Nc6 51. Nxb5 Ke5 52. Bc3+ Kd5
53. Nc7+ Kc4 54. Kd2 h5 55. Ne6 g4 56. f4 Ne7 57. a4 Nc6 58. b5 Na7 59. b6 Nc6
60. b7 Kb3 61. Nc5+ Ka3 62. a5 Nxa5 63. Bxa5 1-0

[Event "jogo cauteloso"]
[Site "http://www.queenalice.com/game.php?id=227228"]
[Date "2007.6.18"]
[Round "-"]
[White "antonio"]
[Black "rafaelbdb"]
[Result "1/2-1/2"]
[WhiteElo "1383"]
[BlackElo "1500"]

1. Nf3 Nc6 2. Nc3 Nf6 3. d3 e5 4. Bg5 Be7 5. Bxf6 Bxf6 6. Nd5 O-O 7. Qd2 d6 8.
e4 Bg4 9. Ng1 Bg5 10. Qc3 Qd7 11. f3 Be6 12. Nb4 Nxb4 13. Qxb4 b6 14. g3 c5 15.
Qa3 g6 16. h4 Be3 17. Ne2 f5 18. Bh3 h5 19. Nc3 a5 1/2-1/2

[Event "Challenge"]
[Site "http://www.queenalice.com/game.php?id=231112"]
[Date "2007.6.26"]
[Round "-"]
[White "antonio"]
[Black "vania"]
[Result "1-0"]
[WhiteElo "1400"]
[BlackElo "1321"]

1. Nf3 Nf6 2. d3 Nc6 3. Bd2 a5 4. c4 a4 5. a3 h5 6. Ng5 e5 7. g3 Bc5 8. e3 O-O
9. Bh3 Nh7 10. Ne4 Bb6 11. b4 f5 12. Nec3 g5 13. Qxh5 Nf6 14. Qg6+ Kh8 15. Qh6+
Nh7 16. Bxf5 Rxf5 17. e4 Rf6 18. Qh5 Bxf2+ 19. Ke2 Nd4+ 20. Kd1 Rf3 21. Rf1 Ra6
22. Be3 Bxe3 23. Rxf3 Nxf3 24. Qxf3 Bg1 25. h4 Rf6 26. Qg2 Bd4 27. hxg5 Nxg5 28.
Ra2 Rf3 29. Qh1+ Kg7 30. Ne2 Qf8 31. Nd2 Rxd3 32. Qh5 Nf7 33. Qg4+ Kf6 34. Kc2
d5 35. Qh4+ Ng5 36. Kxd3 Kg6 37. g4 Qf3+ 38. Nxf3 Nxf3 39. Qh5+ Kf6 40. Qh6+ Kf7
41. Qh7+ Ke6 42. Qf5+ Kd6 43. Qxf3 dxc4+ 44. Kxc4 Be6+ 45. Kd3 Bxa2 46. Qf6+ Be6
47. Qf8+ Kc6 48. Qe7 b5 49. Qxe6+ Kb7 50. Nxd4 exd4 51. g5 c6 52. g6 1-0

[Event "Challenge"]
[Site "http://www.queenalice.com/game.php?id=231720"]
[Date "2007.6.28"]
[Round "-"]
[White "antonio"]
[Black "paulouk"]
[Result "1-0"]
[WhiteElo "1411"]
[BlackElo "1582"]

1. Nf3 b5 2. g4 Bb7 3. c4 bxc4 4. Nc3 e6 5. Ne5 d5 6. Qa4+ c6 7. Bg2 f6 8. Nf3
Nh6 9. h3 g5 10. O-O Nd7 11. b4 Nb6 12. Qa5 Bg7 13. d4 O-O 14. Ba3 Re8 15. Rae1
e5 16. Bb2 e4 17. Nd2 Qc7 18. f3 e3 19. Ndb1 f5 20. Na4 Rf8 21. Nc5 Bc8 22. Na4
fxg4 23. hxg4 Rf7 24. Bc1 Bxd4 25. Rd1 Rf4 26. Na3 c3 27. Nc2 Qg7 28. Nc5 Bf6
29. Nd3 Nc4 30. Qc5 Bb7 31. Bxe3 Nxe3 32. Nxe3 Be7 33. Qa5 Qd4 34. Qc7 Qxe3+ 35.
Rf2 Nxg4 36. Qxb7 Bxb4 37. Qxa8+ Rf8 38. Qxc6 Rd8 39. fxg4 Qxe2 40. Rxe2 Rd6 41.
Re8+ Kg7 42. Qc7+ Kh6 43. Nxb4 1-0

[Event "Challenge"]
[Site "http://www.queenalice.com/game.php?id=233439"]
[Date "2007.7.1"]
[Round "-"]
[White "gilsinho22"]
[Black "antonio"]
[Result "1-0"]
[WhiteElo "1494"]
[BlackElo "1440"]

1. d4 d5 2. Nc3 g5 3. Nf3 f6 4. e3 Bg4 5. Be2 e5 6. dxe5 Bb4 7. Bd2 d4 8. exd4
Bxf3 9. Bxf3 Qxd4 10. Bxb7 Qxe5+ 11. Qe2 Bc5 12. Bxa8 Ne7 13. Ne4 Na6 14. Qf3
Kd7 15. Qxf6 Qxf6 16. Nxf6+ Ke6 17. Bb7 Nb8 18. Bc3 Rf8 19. O-O Kf7 20. Nxh7 Rd8
21. Nxg5+ Kg6 22. h4 Nf5 23. Be4 Kh5 24. Bxf5 Kxh4 25. Ne6 Rd5 26. Be4 Rd7 27.
Nxc5 Rf7 28. Bg6 Rf8 29. Ne6 Rc8 30. Bf6+ Kg4 31. f3+ Kg3 32. Be5+ Kh4 33. Bxc7
Nc6 34. Bf5 Ne7 35. Bd8 Rxd8 36. Nxd8 Nxf5 37. a4 Ne3 38. Rfc1 Kg3 39. c4 1-0

[Event "a nega doida"]
[Site "http://www.queenalice.com/game.php?id=239761"]
[Date "2007.7.14"]
[Round "-"]
[White "antonio"]
[Black "Jorge"]
[Result "0-1"]
[WhiteElo "1452"]
[BlackElo "1544"]

1. Nc3 c6 2. d4 d5 3. e3 e6 4. b4 Bxb4 5. Bd2 Qa5 6. Nce2 Nf6 7. c3 Bd6 8. c4
Qc7 9. Nc3 O-O 10. Nh3 dxc4 11. e4 e5 12. Bg5 Qa5 13. Rc1 Bb4 14. Qd2 Nbd7 15.
Bxc4 Nxe4 16. O-O Nb6 17. Qe3 Nxc3 18. Qg3 Ne4 19. Qh4 exd4 20. Qxe4 Bf5 21.
Qxd4 Bxh3 22. gxh3 Qxg5+ 23. Kh1 Rad8 24. Qb2 Bd2 25. Rcd1 Nxc4 26. Qb3 b5 27.
Rg1 Qd5+ 28. f3 Qc5 29. Qc2 Be3 30. Rge1 Qh5 31. Qe4 Rde8 32. Qxc6 Re6 33. Qb7
Qxh3 34. Re2 Nd6 35. Qd5 Nf5 36. Rg1 Bxg1 0-1

[Event "QA-ANNIV-03"]
[Site "http://www.queenalice.com/game.php?id=246839"]
[Date "2007.7.27"]
[Round "2"]
[White "salso"]
[Black "antonio"]
[Result "1-0"]
[WhiteElo "2019"]
[BlackElo "1413"]

1. e4 e5 2. Nf3 d6 3. d4 Bg4 4. dxe5 Bxf3 5. gxf3 dxe5 6. Qxd8+ Kxd8 7. Bc4 Bb4+
8. c3 Bc5 9. Bxf7 Nh6 10. Bg5+ Be7 11. Bxe7+ Kxe7 12. Bb3 Rf8 13. Nd2 Rd8 14.
Rg1 g6 15. O-O-O Nc6 16. Nc4 Rf8 17. Rg3 Rad8 18. Rxd8 Kxd8 19. Ba4 Ne7 20. Nxe5
Kc8 21. Rh3 Nhg8 22. Rxh7 Re8 23. Bxe8 Kd8 24. Bf7 Nf6 25. Rh8+ Neg8 26. Bxg8
Ke7 27. Nxg6+ Kd6 28. e5+ Kc5 29. exf6 a5 30. f7 b5 31. f8=Q+ Kb6 32. Ne5 1-0